000 00429nam a22001817a 4500
005 20170216114043.0
008 170216b xxu||||| |||| 00| 0 eng d
040 _aANE
041 _aEs
082 _a863 H465
100 _aHeyward, DuBose
245 _aPorgy & Bess
_cHeyward, DuBose
250 _a1 ra ed
260 _aBuenos Aires
_bFabril editora
_c1964
300 _a153p.
650 _aNovela
942 _2ddc
_cBK
_zNr.
999 _c37038
_d37038